000
00286nam a22001217a 4500
008
230626b xxu||||| |||| 00| 0 eng d
082
_a
328.76
_b
CPK
100
_c
CPK
245
_a
Rules of the Council of State of Kenya
260
_a
Kenya
_b
CPK
_c
1958
300
_a
20p
942
_2
ddc
_c
BK
999
_c
2591
_d
2591